CAE pratice tests - cassette 2

Na minha lista:
Detalhes bibliográficos
Autor principal: Mark Harrison
Formato: Livro
Idioma:Undetermined
Publicado em: Oxford, NY Oxford Univ. Press 1999
Assuntos:
Tags: Adicionar Tag
Sem tags, seja o primeiro a adicionar uma tag!
Thư viện lưu trữ: Trung tâm Học liệu Trường Đại học Cần Thơ
LEADER 00574nam a2200193Ia 4500
001 CTU_57682
008 210402s9999 xx 000 0 und d
082 |a 428.34 
082 |b H238/T2 
100 |a Mark Harrison 
245 0 |a CAE pratice tests - cassette 2 
245 0 |c Mark Harrison 
260 |a Oxford, NY 
260 |b Oxford Univ. Press 
260 |c 1999 
650 |a english language,english language 
650 |x examinations, questions, etc.,study and teaching,foreign speakers 
904 |i Minh 
980 |a Trung tâm Học liệu Trường Đại học Cần Thơ